Wrong Answers Only #3 - Statistics

General Stats
  • This quiz has been taken 54 times
  • The average score is 6 of 10
Answer Stats
Question Answer % Correct
Which of the following crops is considered a staple crop? Apple
79%
Which of the following countries is part of Benelux? Belarus
79%
Which of the following brands sell cars? Harley Davidson
71%
Which of the following photos was taken in Europe?
64%
Which of the following answer choices is a dog breed? American Shorthair
64%
Which of the following people was alive during WW2? Franz Ferdinand
64%
Which of the following movies was made by Pixar? Lilo & Stitch
57%
Which of the following people received a Nobel Prize? Mahatma Gandhi
50%
Which of the following movies portrays a female protagonist? Mrs Doubtfire
43%
Which of the following words is spelled correctly? Mischevious
36%
No matching quizzes found
Score Distribution
Percent of People with Each Score
Percentile by Number Answered
Your Score History
You have not taken this quiz